Statystyki dla Skoki Narciarskie - Mistrzowie Świata (XXI wiek)

Kliknij tutaj aby rozwiązać quiz!

Ogólne statystyki

  • Ten quiz został rozwiązany 1 125 razy
    (631 od ostatniego zresetowania)
  • Średni wynik to 14 z 22

Statystyki odpowiedzi

RokSkoczek% Poprawnych
2001 (NH)Adam Małysz
86%
2019 (NH)Dawid Kubacki
83%
2021 (NH)Piotr Żyła
83%
2013 (LH)Kamil Stoch
78%
2003 (NH)Adam Małysz
76%
2003 (LH)Adam Małysz
75%
2021 (LH)Stefan Kraft
73%
2017 (LH)Stefan Kraft
72%
2017 (NH)Stefan Kraft
72%
2007 (NH)Adam Małysz
67%
2015 (LH)Severin Freund
67%
2019 (LH)Markus Eisenbichler
62%
2001 (LH)Martin Schmitt
62%
2005 (LH)Janne Ahonen
57%
2013 (NH)Anders Bardal
53%
2011 (LH)Gregor Schlierenzauer
53%
2015 (NH)Rune Velta
53%
2007 (LH)Simon Ammann
53%
2011 (NH)Thomas Morgenstern
53%
2005 (NH)Rok Benkovic
44%
2009 (NH)Wolfgang Loitzl
32%
2009 (LH)Andreas Kuettel
30%

Rozkład punktacji

Percentyl według liczby udzielonych odpowiedzi

Procent ludzi z każdym wynikiem

Twoja historia wyników

Nie rozwiązałeś tego quizu od ostatniego zresetowania